Violences et maltraitances en milieu scolaire (notice n° 1566911)

détails MARC
000 -LEADER
fixed length control field 01848cam a2200145 4500500
005 - DATE AND TIME OF LATEST TRANSACTION
control field 20251214002418.0
041 ## - LANGUAGE CODE
Language code of text/sound track or separate title fre
042 ## - AUTHENTICATION CODE
Authentication code dc
100 10 - MAIN ENTRY--PERSONAL NAME
Personal name Blaya, Catherine
Relator term author
245 00 - TITLE STATEMENT
Title Violences et maltraitances en milieu scolaire
260 ## - PUBLICATION, DISTRIBUTION, ETC.
Name of publisher, distributor, etc. Armand Colin,<br/>
Date of publication, distribution, etc. 2006.<br/>
520 ## - SUMMARY, ETC.
Summary, etc. Synthèse de la recherche sur les violences et les maltraitances en milieu scolaire en France et à l’étranger, ce livre dresse un panorama de la situation dans les établissements scolaires. Il fournit à ceux qui se retrouvent trop souvent seuls et démunis face à des situations « impossibles » de très précieuses indications.L’auteure présente les concepts et modèles qui étayent l’analyse actuelle tout en ouvrant la discussion sur d’autres outils. Elle analyse les politiques publiques mais aussi les réponses au niveau local en termes de prévention et d’intervention, tout en évaluant les difficultés de leur mise en œuvre et de leur appréciation.Cet ouvrage s’adresse aux enseignants, travailleurs sociaux et étudiants de ces filières. Par une mise en perspective très réussie des différentes possibilités d’analyse et d’intervention existantes, il les aidera à échapper aux stéréotypes et aux solutions naïves qui piègent trop souvent l’action.Catherine BLAYA, directrice de l’Observatoire européen de la violence scolaire, est maître de conférences à l’IUFM d’Aquitaine.La violence dans son contexte historique et social. Climat scolaire, violences et maltraitances. La violence en milieu scolaire : état des lieux. Étiologie et conséquences de la violence. La lutte contre la violence à l’école.
700 10 - ADDED ENTRY--PERSONAL NAME
Personal name La Borderie, René
Relator term author
856 41 - ELECTRONIC LOCATION AND ACCESS
Uniform Resource Identifier <a href="https://shs.cairn.info/violences-et-maltraitances-en-milieu-scolaire--9782200345891?lang=fr&redirect-ssocas=7080">https://shs.cairn.info/violences-et-maltraitances-en-milieu-scolaire--9782200345891?lang=fr&redirect-ssocas=7080</a>

Pas d'exemplaire disponible.

PLUDOC

PLUDOC est la plateforme unique et centralisée de gestion des bibliothèques physiques et numériques de Guinée administré par le CEDUST. Elle est la plus grande base de données de ressources documentaires pour les Étudiants, Enseignants chercheurs et Chercheurs de Guinée.

Adresse

627 919 101/664 919 101

25 boulevard du commerce
Kaloum, Conakry, Guinée

Réseaux sociaux

Powered by Netsen Group @ 2025